| 000 | 00761nam a2200265 a 4500 | ||
|---|---|---|---|
| 001 | BRCA_6833 | ||
| 005 | 20190320205618.0 | ||
| 008 | 260911s1870----enk#######---#000-0#eng-# | ||
| 041 | _aeng | ||
| 044 | _aenk | ||
| 050 | 4 |
_aPR4581 _b.S35 1870 |
|
| 245 | 1 | 0 |
_aCharles Dickens _cby George Augustus Sala |
| 260 |
_aLondres _bGeorge Routledge and Sons _c1870 |
||
| 300 |
_ax, 144 p. _c17 cm. |
||
| 500 | _aCon ex-Libris de: William Hartmann Woodin | ||
| 500 | _aIncluye nota de compra | ||
| 500 | _aEdición con cantos dorados | ||
| 500 | _aO19 | ||
| 600 | 1 | 4 |
_aDickens, Charles _d1812-1870 _917037 |
| 650 | 1 | 4 |
_aLiteratura inglesa _917038 |
| 650 | 1 | 4 |
_aAutores ingleses _917039 |
| 700 | 1 |
_aSala, George Augustus _917040 |
|
| 902 | _aGFM | ||
| 942 |
_2lcc _cB |
||
| 999 |
_c6516 _d6516 |
||